000 02044nam a2200529 i 4500
001 32152
003 KOSZ 005
005 20240405063055.0
008 981017s1997 pl a f |000 0 pol
015 _aPB 1999/15289
040 _aWA N
_cWA N
_dKOSZ 005/HR
041 0 _apol
_beng
046 _k1997
080 _a316.61(438)"1989/..."
080 _a316.362(438)"1989/..."
080 _a37.015:316(438)"1989/..."
080 _a37.018.1(438)"1989/..."
100 1 _aSkrzypniak, Ryszard
_eAutor
245 1 0 _aSocjalizacja i wychowanie w rodzinach o zróżnicowanej liczbie dzieci /
_cRyszard Skrzypniak.
260 _aKoszalin :
_bWydawnictwo Uczelniane PK,
_c1997.
300 _a205 s. :
_bwykr. ;
_c24 cm.
336 _2rdacontent
_aTekst
_btxt
337 _2rdamedia
_aBez urządzenia pośedniczącego
_bn
338 _2rdacarrier
_aWolumin
_bnc
380 _aKsiążki
380 _aPublikacje naukowe
388 _a1901-2000
388 _a1989-2000
490 1 _aMonografia Wydziału Mechanicznego / Politechnika Koszalińska.
500 _aISSN 0239-7129 oraz nr 63 odnosi się do pierwotnego tyt. serii: Monografie / Wyższa Szkoła Inżynierska w Koszalinie.
504 _aBibliogr. s. 193-203.
546 _aStreszcz. ang.
648 _a1901-2000
648 _a1989-2000
650 4 _aSocjologia rodziny
650 4 _aWychowanie w rodzinie
650 4 _aSocjalizacja
651 4 _aKoszalin (woj. zachodniopomorskie ; okolice)
651 4 _aSłupsk (woj. pomorskie ; okolice)
658 _aSocjologia i społeczeństwo
658 _aEdukacja i pedagogika
710 2 _aWydawnictwo Uczelniane (Politechnika Koszalińska)
_4pbl.
830 0 _aMonografia Wydziału Mechanicznego - Politechnika Koszalińska
856 _uhttp://dlibra.tu.koszalin.pl/dlibra/docmetadata?id=430
_yBiblioteka Cyfrowa
856 _uhttp://koha.tu.koszalin.pl/cgi-bin/koha/opac-detail.pl?biblionumber=32152
_yKatalog online BPK
942 _2UKD
_cKS
999 _c32152
_d32152